000 00291nam a2200133Ia 4500
005 20251222144904.0
008 251222s9999||||xx |||||||||||||| ||spa||
082 _a882.2/S65
100 _aSofocles
245 0 _aTragedias Completas
250 _a6a.ed.
264 _bAguilar
942 _cLIB
999 _c22081
_d22081